000 00384nam a2200145 4500
001 127672
003 ES-MaACL
005 20230906193047.0
007 t|
008 070214s1978 sp r ||||1| spa d
245 0 3 _aLa rima del pueblo
_b: (1973-1978).
260 _aPamplona :
_b[s.n.],
_c1978 (
_fGráf. Iruña)
300 _a80 p. ;
_c21 cm.
852 _aES-MaACL
_jA-8851
_bR.97779
999 _c127672
_d127672